Black Ops ll Zombies - Statistics

General Stats
  • This quiz has been taken 2,486 times
  • The average score is 12 of 13
Answer Stats
Hint Answer % Correct
Juggernog 2500
99%
Speed Cola 3000
99%
Double Tap 2000
96%
Pack-A-Punch 5000
96%
Quick Revive 1500
95%
Stamin-Up 2000
94%
Who's Who 2000
93%
Mule Kick 4000
93%
Tombstone 2000
92%
Dead Shot 1500
90%
Electric Cherry 2000
90%
Galv Knuckles 6000
90%
Vulture Aid 3000
89%
No matching quizzes found
Score Distribution
Percent of People with Each Score
Percentile by Number Answered
Your Score History
You have not taken this quiz